| 000 | 00382cam a2200145ua 4500 | ||
|---|---|---|---|
| 041 |
_amal _h |
||
| 082 |
_a894.812301 _bPAU/OR |
||
| 100 | _aPaul, Chirakkarodu . | ||
| 245 |
_aOru kudumbam parichu nattu / _cChirakkarodu Paul. _hTextual Documents |
||
| 260 |
_aTiruvalla : _bSouthern book stall , _c1961. |
||
| 300 | _a248 ; . | ||
| 504 | _a | ||
| 942 | _cBK | ||
| 999 |
_c12015 _d12015 |
||